| 000 | 01061cam a2200301 a 4500 | ||
|---|---|---|---|
| 001 | 2878424 | ||
| 003 | LC | ||
| 005 | 20160314155014.0 | ||
| 008 | 860519s1987 nyu 000 1 eng | ||
| 010 | _a 86013397 | ||
| 020 |
_a0385295278 : _c$18.95 |
||
| 020 | _a0385295421 (Large print edition) | ||
| 040 |
_aDLC _cDLC _dDLC _dOCoLC _dDLC |
||
| 050 | 0 | 0 |
_aPS 3569 .T33828 _b.St813f 2000 |
| 082 | 0 | 0 |
_aFIC _bSt3f 2000 |
| 100 | 1 |
_aSteel, Danielle. _919098 |
|
| 245 | 1 | 0 |
_aFine things / _cDanielle Steel. |
| 260 |
_aNew York : _bDelacorte Press, _cc2000. |
||
| 300 |
_a415 p. : _c17 cm. |
||
| 650 |
_aFiction. _9746 |
||
| 655 | 7 |
_aLove stories. _2gsafd _92799 |
|
| 856 | 4 | 1 |
_3Sample text _uhttp://www.loc.gov/catdir/samples/random041/86013397.html |
| 856 | 4 | 2 |
_3Publisher description _uhttp://www.loc.gov/catdir/description/random041/86013397.html |
| 856 | 4 | 2 |
_3Contributor biographical information _uhttp://www.loc.gov/catdir/enhancements/fy0709/86013397-b.html |
| 906 |
_a7 _bcbc _corignew _d1 _eocip _f19 _gy-gencatlg |
||
| 942 |
_2lcc _cBK |
||
| 999 |
_c11258 _d11258 |
||